| 000 | 00000nam 2200000za 4500 |
| 001 | 9.674597 |
| 003 | CaOODSP |
| 005 | 20250121091123 |
| 007 | cr ||||||||||| |
| 008 | 150407|2007||||xxc|||||o f|0| 0 chi d |
| 020 | |a978-0-662-02996-0 |
| 040 | |aCaOODSP|beng |
| 041 | |achi |
| 043 | |an-cn--- |
| 086 | 1 |aCD4-47/2007Ch-PDF |
| 110 | 1 |aCanada.|bCanadian International Development Agency. |
| 245 | 10|a[CIDA China Program - gender equality toolkit] |h[electronic resource] |
| 250 | |a[Chinese edition]. |
| 260 | |aGatineau - Quebec : |bCanadian International Development Agency |cc2007. |
| 300 | |a41p.|btables, photographs |
| 500 | |aThe ISBN (978-0-662-46645-1) for the print edition has been incorrectly copied in this electronic publication. |
| 500 | |aIssued also in English under title: CIDA China Program - gender equality toolkit. |
| 546 | |aText in Chinese. |
| 590 | |a12-23-Supp|b2012-05-28 |
| 690 | 07|aGender equality|2gcpds |
| 775 | 08|tCIDA China Program - gender equality toolkit |w(CaOODSP)9.690135 |
| 776 | 0#|tProgramme de l'ACDI pour la Chine - guide de mise en oeuvre Égalité entre les sexes |w(CaOODSP)9.669082 |
| 792 | |t[Programme de l'ACDI pour la Chine - égalité entre les sexes] |efre|w(CaOODSP)9.674598 |
| 856 | 40|ahttp://publications.gc.ca|qPDF|s19 324 KB|uhttps://publications.gc.ca/collections/collection_2012/acdi-cida/CD4-47-2007-chi.pdf |